The open road : photography & the American road trip /

Bibliographic Details
Main Author: Campany, David
Format: Book
Language:English
Published: New York : Aperture Foundation, [2014]
Edition:First edition.
Subjects:

MARC

Tag First Indicator Second Indicator Subfields
LEADER 00000cam a2200000 i 4500
001 in00003487696
005 20151206125054.0
008 140523s2014 nyuab b 000 0 eng
010 |a  2014020321 
015 |a GBB484941  |2 bnb 
016 7 |a 016822699  |2 Uk 
019 |a 859305300  |a 887938724 
020 |a 9781597112406 (hardcover : alk. paper) 
020 |a 1597112402 (hardcover : alk. paper) 
029 1 |a CHVBK  |b 326086137 
029 1 |a CHDSB  |b 006295326 
029 1 |a CHVBK  |b 326957340 
029 1 |a CHSLU  |b 001174027 
035 |a (OCoLC)ocn880831239 
035 |a (OCoLC)880831239 
040 |a DLC  |b eng  |e rda  |c DLC  |d IG#  |d OCLCF  |d YDXCP  |d BTCTA  |d UOK  |d UKMGB  |d BDX  |d GZM  |d UtOrBLW 
043 |a n-us--- 
049 |a TXAM 
050 0 0 |a TR655  |b .C347 2014 
082 0 0 |a 770  |2 23 
100 1 |a Campany, David. 
245 1 4 |a The open road :  |b photography & the American road trip /  |c David Campany. 
250 |a First edition. 
264 1 |a New York :  |b Aperture Foundation,  |c [2014] 
300 |a 350 pages :  |b color illustrations, maps ;  |c 30 cm 
336 |a text  |b txt  |2 rdacontent 
337 |a unmediated  |b n  |2 rdamedia 
338 |a volume  |b nc  |2 rdacarrier 
504 |a Includes bibliographical references. 
505 0 |a Robert Frank : the Americans -- Ed Ruscha : twentysix gasoline stations -- Inge Morath : the road to Reno -- Garry Winogrand : 1964 -- William Eggleston : Los Alamos -- Lee Friedlander : American monument -- Joel Meyerowitz : still going -- Jacob Holdt : American pictures -- Stephen Shore : uncommon places -- Bernard Plossu : so long -- Victor Burgin : US77 -- Joel Sternfeld : American prospects -- Shinya Fujiwara : American roulette -- Alec Soth : sleeping by the Mississippi -- Todd Hido : roaming -- Ryan McGinley : whistle for the wind -- Justine Kurland : highway kind -- Taiyo Onorato and Nico Krebs : the great unreal. 
650 0 |a Photography, Artistic. 
651 0 |a United States  |x Social life and customs  |v Pictorial works. 
651 0 |a United States  |x Description and travel  |v Pictorial works. 
651 0 |a United States  |v Pictorial works. 
650 0 |a Photographic criticism. 
650 7 |a Manners and customs.  |2 fast  |0 (OCoLC)fst01007815 
650 7 |a Photographic criticism.  |2 fast  |0 (OCoLC)fst01061637 
650 7 |a Photography, Artistic.  |2 fast  |0 (OCoLC)fst01061964 
650 7 |a Travel.  |2 fast  |0 (OCoLC)fst01155558 
651 7 |a United States.  |2 fast  |0 (OCoLC)fst01204155 
655 7 |a Pictorial works.  |2 fast  |0 (OCoLC)fst01423874 
938 |a Ingram  |b INGR  |n 9781597112406 
938 |a YBP Library Services  |b YANK  |n 11201288 
938 |a Baker and Taylor  |b BTCP  |n BK0013861464 
938 |a Brodart  |b BROD  |n 109458613 
947 |a A14840340104 
945 |a PromptCat  |b 20601 
946 |a stk 
948 |a Cataloged  |b h  |c 2015/1/15  |d c  |e LDuncan 
994 |a 92  |b TXA 
999 |a MARS 
999 f f |s a9fa8631-e90c-34b4-98f7-384ea2f626dc  |i 51a8bac1-2fb1-3eac-9c54-5ea30f1cf117  |t 0 
952 f f |p normal  |a Texas A&M University  |b College Station  |c Sterling C. Evans Library  |d Evans: Library Stacks  |t 0  |e TR655 .C347 2014  |h Library of Congress classification  |i unmediated -- volume  |m A14840340104 
998 f f |a TR655 .C347 2014  |t 0  |l Evans: Library Stacks